000 00604nam a2200229 i 4500
001 C2-0009687
003 PPAK
005 20190630221859.0
008 970128s1982 enka|||| ||||| | eng d
020 _a0370300947
040 _aPPAK
_beng
_cPPAK
_erda
082 0 4 _a914.04
_223
090 0 0 _a914.04
_bANN
_dK
100 1 _aAnno, Mitsumasa,
_eauthor
245 1 0 _aAnno's journey
264 1 _aLondon :
_bThe Bodley head ,
_c1982
300 _a[44 pages] :
_billustrations ;
_c25 cm
336 _2rdacontent
_atext
337 _2rdamedia
_aunmediated
338 _2rdacarrier
_avolume
942 _ddc
_cB
999 _c2469
_d2469